000 00301nam a2200133 i 4500
001 bg
245 0 _aSystem maszyn rolniczych.
_nCz. 4,
_pUprawa roli.
250 _aWyd. 6.
260 _aWarszawa,
_c1983.
040 _cBPK
041 _apol
942 _cKS
008 s pl f |000 0 pol
999 _c1220
_d1220
856 _uhttp://koha.tu.koszalin.pl/cgi-bin/koha/opac-detail.pl?biblionumber=1220
_yKatalog online BPK